| 000 | 00606nam a2200205 a 4500 | ||
|---|---|---|---|
| 001 | 000024998 | ||
| 005 | 20200930023510.0 | ||
| 008 | 110208s1980 sp a r 000 0 fre d | ||
| 020 | _a8472023834 | ||
| 040 |
_aDO-SdBNP _bspa _cBNPHU |
||
| 082 |
_axxxxx _bO12m |
||
| 100 | 1 |
_aObiols, Miguel _951301 |
|
| 245 | 1 | 3 |
_aEl misterio de Buster Keaton / _cMiguel Obiols ; ilustración Marta Balaguer. |
| 260 |
_aBarcelona, España : _bL´Abadia de Montserrat, _c1980. |
||
| 300 | _a86 p. :. | ||
| 490 | 1 |
_aLa xarxa ; _v29 |
|
| 700 | 1 |
_aBalaguer, Marta _951302 |
|
| 830 | 0 |
_aLa xarxa ; _n29 _951303 |
|
| 049 | _aBNGR | ||
| 999 |
_c24491 _d24491 |
||